01266cam a2200301 a 45000010005000000030006000050050017000110080041000280100017000690200030000860200027001160200025001430200022001680200026001900400023002160500014002390820012002531000023002652450031002882600035003193000048003545200440004026500024008426500024008666500032008906500022009226500020009445987FISKH20250225092050.0081205s2010 nyua j 000 0 eng  a 2008051782 a9780545132053 (hardcover) a0545132053 (hardcover) a9780545132060 (pbk.) a0545132061 (pbk.) a9781338740264c$16.00 aDLCcDLCdDLCbeng aPZ7.T45 S a617.6451 aTelgemeier, Raina.10aSmile /cRaina Telgemeier. aNew York :bScholastic,c2010. a213 pages : bcolor illustrations ; c21 cm aRaina just wants to be a normal sixth grader. But one night after Girl Scouts she trips and falls, severely injuring her two front teeth. What follows is a long and frustrating journey with on-again, off-again braces, surgery, embarrassing headgear, and even a retainer with fake teeth attached. And on top of all that, there's still more to deal with: a major earthquake, boy confusion, and friends who turn out to be not so friendly. 0aYouthxDental care. 0aGirlsxDental care. 0aSelf-esteem in adolescence. 0aBeauty, Personal. 0aGraphic novels.